[Event "IV Torneo Internacional Ciudad de La La"]
[Site "Casino de La Laguna. C/ Nava "]
[Date "2010.04.05"]
[Round "1"]
[White "Fernandez Manrique, Agustin"]
[Black "Perez Martin, Nicanor"]
[Result "1-0"]
[WhiteElo "2115"]
[BlackElo "1521"]
[PlyCount "37"]
[EventDate "2010.04.05"]

1. c4 c5 2. Nc3 Nc6 3. g3 Nf6 4. Bg2 g6 5. Nf3 Bg7 6. O-O d6 7. d4 cxd4 8. Nxd4
Nxd4 9. Qxd4 O-O 10. Qd3 a6 11. Bg5 Nd7 12. Qd2 Ne5 13. b3 Qa5 14. Nd5 Qxd2 15.
Nxe7+ Kh8 16. Bxd2 Nxc4 17. bxc4 Re8 18. Nxc8 Bxa1 19. Nb6 1-0

[Event "IV Torneo Internacional Ciudad de La Lag"]
[Site "Casino de La Laguna. C/ Nava y"]
[Date "2010.04.05"]
[Round "1"]
[White "Rodriguez Govea, Alejandro Jose"]
[Black "Rodriguez Lapetra, Pablo"]
[Result "0-1"]
[WhiteElo "1505"]
[BlackElo "2105"]
[PlyCount "64"]
[EventDate "2010.04.05"]

1. e4 c5 2. Nf3 e6 3. d3 Nc6 4. g3 d6 5. Bg2 g6 6. O-O Bg7 7. Nbd2 Nge7 8. Re1
O-O 9. Nf1 b5 10. c3 a5 11. Ne3 Rb8 12. Bd2 Ba6 13. Nc2 b4 14. d4 Bd3 15. e5
dxe5 16. dxe5 Qc7 17. Bf4 Rfd8 18. Ne3 Be4 19. Qe2 Bxf3 20. Bxf3 Bxe5 21. Ng2
Bxf4 22. Nxf4 Rd6 23. Nd3 Qa7 24. Rac1 Rbd8 25. Red1 Nd5 26. Ne5 bxc3 27. Nxc6
Rxc6 28. bxc3 Rcd6 29. Qc4 Qc7 30. Rd2 Nb6 31. Qf4 e5 32. Qxe5 Nc4 0-1

[Event "IV Torneo Internacional Ciudad de La Lag"]
[Site "Casino de La Laguna. C/ Nava y"]
[Date "2010.04.05"]
[Round "1"]
[White "Pozo Vinuesa, Pedro"]
[Black "Ramirez Alvarez, Roberto"]
[Result "0-1"]
[WhiteElo "1388"]
[BlackElo "2103"]
[PlyCount "72"]
[EventDate "2010.04.05"]

1. e4 e5 2. Nf3 Nc6 3. d4 exd4 4. Bc4 Bc5 5. c3 d3 6. Bxf7+ Kxf7 7. Ng5+ Kf8 8.
Qxd3 Qf6 9. O-O d6 10. Qc4 Ne5 11. Qe2 h6 12. Nf3 Nxf3+ 13. Qxf3 Qxf3 14. gxf3
Nf6 15. a4 a5 16. Bf4 g5 17. Bg3 h5 18. h3 Bxh3 19. Rd1 h4 20. Bh2 g4 21. fxg4
Rg8 22. Kh1 Nxg4 23. Rd2 Nxf2+ 24. Rxf2+ Bxf2 25. Bxd6+ cxd6 26. Kh2 Be6 27.
Nd2 Ke7 28. Rf1 Raf8 29. b4 Bg3+ 30. Kg1 Be1+ 31. Kh2 Bxd2 32. Rxf8 Kxf8 33.
bxa5 Bf4+ 34. Kh1 Bd7 35. a6 Bc6 36. axb7 Bxe4# 0-1

[Event "IV Torneo Internacional Ciudad de La Lag"]
[Site "Casino de La Laguna. C/ Nava y"]
[Date "2010.04.05"]
[Round "1"]
[White "Pogorelov, Ruslan"]
[Black "Navarro Molina, David"]
[Result "1-0"]
[WhiteElo "2486"]
[BlackElo "1967"]
[PlyCount "51"]
[EventDate "2010.04.05"]

1. Nf3 c5 2. c4 e6 3. g3 Nf6 4. Bg2 Be7 5. O-O O-O 6. d4 cxd4 7. Nxd4 a6 8. Nc3
Qc7 9. b3 d5 10. Qd3 dxc4 11. Qxc4 Qxc4 12. bxc4 Nbd7 13. Rb1 Nc5 14. Ba3 Re8
15. Rfd1 Nfd7 16. Bxc5 Nxc5 17. Nb3 Rb8 18. Nxc5 Bxc5 19. Na4 Bf8 20. c5 e5 21.
c6 Re7 22. Rd8 b5 23. Nc5 Ra8 24. Nd7 Bb7 25. Rxa8 Bxa8 26. c7 1-0

[Event "IV Torneo Internacional Ciudad de La La"]
[Site "San Cristobal de La Laguna"]
[Date "2010.04.06"]
[Round "2.1"]
[White "Lasinskas, P."]
[Black "Bruzon Batista, L."]
[Result "0-1"]
[WhiteElo "2167"]
[BlackElo "2641"]
[PlyCount "74"]
[EventDate "2010.??.??"]

1. d4 Nf6 2. c4 e6 3. Nc3 Bb4 4. Qc2 c5 5. dxc5 Qc7 6. a3 Bxc5 7. b4 Be7 8. e3
a6 9. Bb2 b6 10. Nf3 Bb7 11. Be2 d6 12. O-O Nbd7 13. Rac1 O-O 14. Ng5 Rac8 15.
Qb1 Qb8 16. Nce4 Nxe4 17. Nxe4 Qa8 18. Bf3 b5 19. cxb5 axb5 20. Nd2 Bxf3 21.
Nxf3 Nb6 22. Rxc8 Rxc8 23. Rc1 Nc4 24. Nd4 Bf6 25. h3 Bxd4 26. exd4 h6 27. Rc3
Qd5 28. Rg3 Nd2 29. Qd1 Ne4 30. Re3 Nf6 31. Qb1 Rc4 32. Rg3 Qe4 33. Rd3 Nd5 34.
Rd1 Rc2 35. Re1 Qf5 36. Rf1 Nf4 37. Bc1 Ne2+ 0-1

[Event "IV Torneo Internacional Ciudad de La La"]
[Site "San Cristobal de La Laguna"]
[Date "2010.04.06"]
[Round "2.2"]
[White "Miton, K."]
[Black "Skutta, B."]
[Result "1-0"]
[WhiteElo "2581"]
[BlackElo "2142"]
[PlyCount "107"]
[EventDate "2010.??.??"]

1. d4 d5 2. c4 c6 3. Nc3 a6 4. Nf3 Nf6 5. c5 g6 6. Bf4 Nh5 7. Bg5 h6 8. Bd2 Bg7
9. h3 Nd7 10. e4 dxe4 11. Nxe4 Nhf6 12. Nxf6+ Nxf6 13. Bc4 O-O 14. O-O Bf5 15.
Qb3 Be4 16. Ne5 Bd5 17. Be3 Bxc4 18. Nxc4 Qc7 19. Bd2 Nd5 20. Rad1 Rae8 21. Ba5
Qb8 22. Rfe1 h5 23. Re4 Nf6 24. Ree1 Nd5 25. Ne5 Bxe5 26. dxe5 Kg7 27. Rd3 e6
28. Qc4 Rh8 29. Bd2 Qd8 30. Rb3 Qe7 31. h4 Qc7 32. Rd3 Rb8 33. b3 Rh7 34. Bg5
Qa5 35. Re2 Qc7 36. Qe4 Re8 37. Qd4 Kg8 38. Bf6 Rb8 39. Red2 Qc8 40. Rg3 Qf8
41. Bg5 Qe8 42. b4 Qd7 43. a4 Qe8 44. Bf6 Qf8 45. Qe4 Qh6 46. Rg5 Kf8 47. Qc4
Ke8 48. b5 axb5 49. axb5 Qf8 50. Rg3 Kd7 51. Ra3 Ra8 52. Qa2 Rxa3 53. Qxa3 Qb8
54. Qa4 1-0

[Event "IV Torneo Internacional Ciudad de La La"]
[Site "San Cristobal de La Laguna"]
[Date "2010.04.06"]
[Round "2.3"]
[White "Saumweber, W."]
[Black "Gleizerov, E."]
[Result "0-1"]
[WhiteElo "2148"]
[BlackElo "2565"]
[PlyCount "90"]
[EventDate "2010.??.??"]

1. c4 e5 2. g3 Nc6 3. Bg2 g6 4. Nc3 Bg7 5. e4 d6 6. Nge2 Nh6 7. d3 O-O 8. h4 f5
9. Bg5 Qd7 10. Nd5 Ng4 11. f3 Nf6 12. Nxf6+ Bxf6 13. Qd2 Qe7 14. Be3 Be6 15.
Nc3 f4 16. gxf4 exf4 17. Bf2 Bd4 18. Bh3 Bxh3 19. Rxh3 Qd7 20. Rh1 Ne5 21. Qe2
Bxc3+ 22. bxc3 Qa4 23. Bd4 c5 24. Bxe5 dxe5 25. Qb2 Rad8 26. Rd1 Rf7 27. h5
gxh5 28. Rg1+ Kh8 29. Qg2 Qa5 30. Qg5 Qxc3+ 31. Ke2 Qd4 32. Qxh5 Re7 33. Qg5
Qe3+ 34. Kf1 Qxf3+ 35. Ke1 Qe3+ 36. Kf1 Qh3+ 37. Kf2 Qe6 38. Rg2 Rg8 39. Qh4
Rxg2+ 40. Kxg2 Rg7+ 41. Kf2 Qd6 42. d4 Qg6 43. dxe5 Qg2+ 44. Ke1 Qxe4+ 45. Kf1
Qf3+ 0-1

[Event "IV Torneo Internacional Ciudad de La La"]
[Site "San Cristobal de La Laguna"]
[Date "2010.04.06"]
[Round "2.4"]
[White "Korneev, O."]
[Black "Hernandez Leon, S."]
[Result "1-0"]
[WhiteElo "2558"]
[BlackElo "2122"]
[PlyCount "67"]
[EventDate "2010.??.??"]

1. e4 c5 2. Nf3 d6 3. d4 cxd4 4. Nxd4 Nf6 5. Nc3 a6 6. Be3 e5 7. Nf3 Be7 8. Bc4
O-O 9. O-O Nc6 10. Bb3 Be6 11. Bg5 Na5 12. Bxf6 Bxf6 13. Nd5 Bxd5 14. Bxd5 Qc7
15. c3 Rac8 16. Qe2 b5 17. a4 Rb8 18. axb5 axb5 19. b4 Nc6 20. Ra3 Ne7 21. Rd1
Rfc8 22. g3 g6 23. h4 Nxd5 24. Rxd5 Qc6 25. Nh2 Be7 26. Ng4 h5 27. Ne3 Qd7 28.
Rd1 Ra8 29. Rda1 Rxa3 30. Rxa3 Qb7 31. Nd5 Bd8 32. Qa2 Bb6 33. Ra6 Rc6 34. Nxb6
1-0

[Event "IV Torneo Internacional Ciudad de La Lag"]
[Site "Casino de La Laguna. C/ Nava y"]
[Date "2010.04.06"]
[Round "2"]
[White "Strikovic, Aleksa"]
[Black "Fernandez Manrique, Agustin"]
[Result "1-0"]
[WhiteElo "2544"]
[BlackElo "2115"]
[PlyCount "41"]
[EventDate "2010.04.05"]

1. c4 g6 2. d4 Bg7 3. e4 d6 4. Nc3 Nf6 5. Nf3 O-O 6. Bg5 h6 7. Bh4 g5 8. Bg3
Nh5 9. Be2 c6 10. Qd2 f5 11. exf5 Bxf5 12. O-O-O Nd7 13. Bd3 Nxg3 14. hxg3 Bxd3
15. Qxd3 e5 16. dxe5 g4 17. Qg6 gxf3 18. Rxh6 Nxe5 19. Qh7+ Kf7 20. Ne4 Rh8 21.
Nxd6+ 1-0

[Event "IV Torneo Internacional Ciudad de La Lag"]
[Site "Casino de La Laguna. C/ Nava y"]
[Date "2010.04.06"]
[Round "2"]
[White "Villavicencio Martinez, Carlos"]
[Black "Hernandez Carmenates, Holden"]
[Result "0-1"]
[WhiteElo "2119"]
[BlackElo "2541"]
[PlyCount "100"]
[EventDate "2010.04.05"]

1. Nf3 Nf6 2. c4 e6 3. g3 b6 4. Bg2 Bb7 5. O-O Be7 6. d4 O-O 7. Nc3 Ne4 8. Nxe4
Bxe4 9. Ne1 f5 10. Be3 a5 11. Bxe4 fxe4 12. Ng2 Na6 13. a3 Qc8 14. Rc1 Qb7 15.
Qc2 b5 16. c5 Nb8 17. b3 Qd5 18. Nf4 Qf5 19. f3 exf3 20. Qxf5 Rxf5 21. Rxf3 Nc6
22. Bf2 Raf8 23. Kg2 Bg5 24. Rf1 Bxf4 25. gxf4 Rxf4 26. Rxf4 Rxf4 27. e3 Rf6
28. Bg3 e5 29. d5 Ne7 30. e4 Rxf1 31. Kxf1 c6 32. Bxe5 cxd5 33. Ke2 Nc6 34. Bc3
d4 35. Bb2 Kf7 36. Kd3 g5 37. Bc1 Kf6 38. Bd2 Ne5+ 39. Ke2 a4 40. bxa4 bxa4 41.
Be1 h5 42. Ba5 d3+ 43. Kd1 Nc4 44. Bc3+ Ke6 45. Bg7 g4 46. Bd4 Nxa3 47. Kd2 Nb5
48. Bg7 h4 49. Kxd3 g3 50. hxg3 h3 0-1

[Event "IV Torneo Internacional Ciudad de La Lag"]
[Site "Casino de La Laguna. C/ Nava y"]
[Date "2010.04.06"]
[Round "2"]
[White "Kurajica, Bojan"]
[Black "Kraus, Oliver"]
[Result "1-0"]
[WhiteElo "2525"]
[BlackElo "2104"]
[PlyCount "39"]
[EventDate "2010.04.05"]

1. d4 Nf6 2. Nf3 d5 3. c4 e6 4. Qc2 Be7 5. Nbd2 O-O 6. a3 Nbd7 7. b4 a5 8. Rb1
axb4 9. axb4 c6 10. e4 dxe4 11. Nxe4 Nxe4 12. Qxe4 f5 13. Qc2 Qc7 14. Bd3 Bf6
15. O-O g6 16. Re1 e5 17. dxe5 Nxe5 18. Nxe5 Bxe5 19. Rxe5 Qxe5 20. Bb2 1-0

[Event "IV Torneo Internacional Ciudad de La Lag"]
[Site "Casino de La Laguna. C/ Nava y"]
[Date "2010.04.06"]
[Round "2"]
[White "Rodriguez Lapetra, Pablo"]
[Black "Ulibin, Mikhail"]
[Result "0-1"]
[WhiteElo "2105"]
[BlackElo "2516"]
[PlyCount "127"]
[EventDate "2010.04.05"]

1. e4 e6 2. d4 d5 3. Nc3 Bb4 4. e5 b6 5. a3 Bf8 6. f4 Nh6 7. Nf3 Ba6 8. Bxa6
Nxa6 9. Qd3 Nb8 10. Be3 Qd7 11. O-O Be7 12. Kh1 Nf5 13. Bd2 h5 14. Nd1 Nc6 15.
b4 a5 16. b5 Na7 17. Nc3 O-O 18. Rfb1 Rfc8 19. Rb2 c6 20. bxc6 Rxc6 21. Nb5
Rac8 22. a4 Rc4 23. c3 Nxb5 24. Rxb5 R8c6 25. Kg1 Bd8 26. g3 g6 27. Kg2 Rxa4
28. Rxa4 Rc4 29. Rbb4 axb4 30. Rxb4 Qc6 31. Kf2 Rxb4 32. cxb4 Qc4 33. Qxc4 dxc4
34. b5 Ne7 35. Bc1 Nd5 36. Nd2 Nb4 37. Ke2 Na2 38. Kd1 Nc3+ 39. Kc2 Nxb5 40.
Bb2 Kf8 41. Nxc4 Ke8 42. Kb3 Kd7 43. Ne3 Kc6 44. Kc4 Nc7 45. Ba3 b5+ 46. Kd3
Nd5 47. Ng2 b4 48. Bb2 Kb5 49. Bc1 Ka4 50. Kc2 b3+ 51. Kb2 Bb6 52. Bd2 Bxd4+
53. Kb1 Bc3 54. Bc1 Bd4 55. Ne1 Nc3+ 56. Kb2 Nb5+ 57. Kb1 Bc5 58. Bb2 Kb4 59.
Nf3 Be7 60. Nd2 Bd8 61. Ne4 Be7 62. Nd2 Nc7 63. Bd4 Nb5 64. Bb2 {irreproducible
} 0-1

[Event "IV Torneo Internacional Ciudad de La Lag"]
[Site "Casino de La Laguna. C/ Nava y"]
[Date "2010.04.06"]
[Round "2"]
[White "Gonzalez Vidal, Yuri"]
[Black "Olivera Gutierrez, Albert"]
[Result "1-0"]
[WhiteElo "2512"]
[BlackElo "2101"]
[PlyCount "75"]
[EventDate "2010.04.05"]

1. e4 e5 2. Nf3 Nc6 3. Bc4 Bc5 4. c3 Nf6 5. d3 d6 6. Bb3 a6 7. O-O O-O 8. Bg5
Ba7 9. Nbd2 Be6 10. Kh1 h6 11. Bh4 Qe7 12. Bc2 Rad8 13. b4 d5 14. exd5 Bxd5 15.
a4 Qd6 16. Qe2 Rde8 17. b5 Nd8 18. Ne4 Bxe4 19. dxe4 axb5 20. axb5 Bb6 21. Rad1
Qe7 22. Rd5 g5 23. Rxe5 Qa3 24. Bxg5 hxg5 25. Rxg5+ Kh8 26. e5 Qxc3 27. Rf5 Re6
28. Rxf6 Rxf6 29. exf6 Qxf6 30. Ne5 Qh6 31. Nd7 Rg8 32. Qe5+ Rg7 33. f4 Qe6 34.
Qh5+ Kg8 35. Bh7+ Rxh7 36. Qg5+ Kh8 37. Qxd8+ Kg7 38. Qf8+ 1-0

[Event "IV Torneo Internacional Ciudad de La Lag"]
[Site "Casino de La Laguna. C/ Nava y"]
[Date "2010.04.06"]
[Round "2"]
[White "Ramirez Alvarez, Roberto"]
[Black "Heberla, Bartlomiej"]
[Result "0-1"]
[WhiteElo "2103"]
[BlackElo "2509"]
[PlyCount "70"]
[EventDate "2010.04.05"]

1. d4 c5 2. d5 g6 3. c4 d6 4. e4 Bg7 5. Bd3 e6 6. Ne2 Ne7 7. Nbc3 O-O 8. O-O
exd5 9. exd5 Nd7 10. f4 Nf6 11. Ng3 h5 12. Qc2 h4 13. Nge2 Nf5 14. Bd2 Ng4 15.
Bxf5 Bxf5 16. Qb3 Re8 17. Rae1 Rb8 18. Nd1 b5 19. cxb5 a6 20. a4 axb5 21. axb5
Qb6 22. Kh1 Qxb5 23. Qxb5 Rxb5 24. Nec3 Rxe1 25. Bxe1 Rb4 26. h3 Nf6 27. Bxh4
Ne4 28. Re1 Bf6 29. Bxf6 Nxf6 30. Kh2 Kf8 31. g4 Bc2 32. Kg3 Bxd1 33. Rxd1 Rxb2
34. Rd3 Rb3 35. Re3 Rxc3 0-1

[Event "IV Torneo Internacional Ciudad de La Lag"]
[Site "Casino de La Laguna. C/ Nava y"]
[Date "2010.04.06"]
[Round "2"]
[White "Cori, Jorge"]
[Black "Perez Aleman, Pedro Tomas"]
[Result "1-0"]
[WhiteElo "2500"]
[BlackElo "2094"]
[PlyCount "61"]
[EventDate "2010.04.05"]

1. e4 e5 2. Nf3 Nc6 3. Bc4 Bc5 4. O-O Nf6 5. d3 d6 6. c3 Bb6 7. Nbd2 O-O 8. Bb3
Be6 9. Nc4 Re8 10. Re1 d5 11. exd5 Bxd5 12. Ncxe5 Nxe5 13. Nxe5 Bxb3 14. axb3
Qd5 15. Bf4 Rad8 16. b4 c5 17. bxc5 Bxc5 18. d4 Bd6 19. Nd3 Rxe1+ 20. Qxe1 Bxf4
21. Nxf4 Qf5 22. Qd2 Re8 23. f3 Qg5 24. Rd1 Nd5 25. Nd3 Re3 26. c4 Nf4 27. Nxf4
Qxf4 28. d5 Qe5 29. d6 Re2 30. d7 Rxd2 31. d8=Q+ 1-0

[Event "IV Torneo Internacional Ciudad de La Lag"]
[Site "Casino de La Laguna. C/ Nava y"]
[Date "2010.04.06"]
[Round "2"]
[White "Lopez Pereyra, Antonio"]
[Black "Mekhitarian, Krikor Sevag"]
[Result "0-1"]
[WhiteElo "2097"]
[BlackElo "2490"]
[PlyCount "86"]
[EventDate "2010.04.05"]

1. e4 c5 2. Nf3 d6 3. d4 cxd4 4. Nxd4 Nf6 5. Nc3 e6 6. Be3 a6 7. Be2 Be7 8. O-O
O-O 9. f4 Nc6 10. Kh1 Bd7 11. Qe1 b5 12. a3 Qb8 13. Qg3 b4 14. axb4 Qxb4 15.
Nxc6 Bxc6 16. e5 Ne4 17. Nxe4 Bxe4 18. exd6 Bxd6 19. c3 Qxb2 20. Bd4 g6 21. Qe3
Qb7 22. Rf2 Rfe8 23. Bc4 a5 24. Ba2 a4 25. Re1 Bc6 26. c4 Qc7 27. Ba1 Bc5 28.
Qc3 e5 29. Rxe5 Rxe5 30. fxe5 Rd8 31. Rf1 Bd4 32. Qe1 Bxa1 33. e6 Bd4 34. exf7+
Kf8 35. Qh4 Bg7 36. Qxh7 Qxf7 37. Rxf7+ Kxf7 38. h3 Rh8 39. c5+ Kf6 40. Qh6
Bxh6 41. Kh2 Bg7 42. Kg3 Bf8 43. Kg4 Bxg2 0-1

[Event "IV Torneo Internacional Ciudad de La Lag"]
[Site "Casino de La Laguna. C/ Nava y"]
[Date "2010.04.06"]
[Round "2"]
[White "Herraiz Hidalgo, Herminio"]
[Black "Abreu Suarez, Isauro"]
[Result "1-0"]
[WhiteElo "2488"]
[BlackElo "2072"]
[PlyCount "159"]
[EventDate "2010.04.05"]

1. d4 d5 2. Nf3 Nf6 3. c4 e6 4. g3 c5 5. cxd5 exd5 6. Bg2 Nc6 7. O-O Be7 8. Nc3
O-O 9. dxc5 Bxc5 10. Na4 Be7 11. Be3 Ne4 12. Rc1 Be6 13. Nd4 Nxd4 14. Bxd4 Qa5
15. a3 Rac8 16. Nc3 Nf6 17. Qb3 b6 18. Qb5 Qxb5 19. Nxb5 a5 20. Na7 Rxc1 21.
Rxc1 Nd7 22. Rc7 Bc5 23. e3 Bxd4 24. exd4 Re8 25. Bf1 g6 26. f3 Nf6 27. Kf2 h5
28. h4 Kg7 29. Bb5 Rd8 30. Rb7 Rd6 31. Ke3 Bf5 32. Kd2 Bh3 33. Rc7 Bg2 34. Nc6
Bxf3 35. Ne5 Ne4+ 36. Ke3 Bg2 37. Rxf7+ Kg8 38. Rc7 Nf6 39. Bd7 Be4 40. Bh3 Bf5
41. Bxf5 gxf5 42. Kf4 Ne4 43. Rd7 b5 44. Rb7 b4 45. axb4 axb4 46. Rxb4 Ra6 47.
Rb8+ Kg7 48. Rb7+ Kg8 49. Nd7 Rg6 50. Kxf5 Rxg3 51. Rb8+ Kg7 52. Nc5 Rf3+ 53.
Ke5 Nf6 54. Ne6+ Kh6 55. Rb7 Ng4+ 56. Kxd5 Rf5+ 57. Kc4 Ne3+ 58. Kd3 Ng2 59.
Ke4 Nxh4 60. d5 Rf1 61. d6 Nf5 62. Rb6 Nxd6+ 63. Rxd6 h4 64. Nf4+ Kg7 65. Ke5
Rh1 66. Rd3 Rh2 67. b3 Rf2 68. Kf5 Rf1 69. Rh3 Kf7 70. Rxh4 Rf3 71. Rh3 Rf1 72.
Ke5 Ke7 73. Rh7+ Kd8 74. Nd5 Kc8 75. b4 Rc1 76. Kd6 Kb8 77. b5 Rc2 78. Nb4 Rc4
79. Nc6+ Kc8 80. Rc7# 1-0

[Event "IV Torneo Internacional Ciudad de La Lag"]
[Site "Casino de La Laguna. C/ Nava y"]
[Date "2010.04.06"]
[Round "2"]
[White "Barrio Pareja, Eduardo"]
[Black "Barlov, Dragan"]
[Result "0-1"]
[WhiteElo "2093"]
[BlackElo "2487"]
[PlyCount "118"]
[EventDate "2010.04.05"]

1. e4 c5 2. Nf3 e6 3. d4 cxd4 4. Nxd4 a6 5. Bd3 Nf6 6. O-O Qc7 7. Qe2 d6 8. c4
g6 9. Kh1 Bg7 10. Nc3 O-O 11. f4 Nbd7 12. Nf3 b6 13. Be3 Bb7 14. Bg1 Nh5 15.
Be3 Nc5 16. Rae1 Nxd3 17. Qxd3 Rac8 18. Nd2 Nf6 19. Qe2 Nd7 20. Rc1 Rfe8 21.
Qg4 f5 22. Qg3 Nf6 23. exf5 exf5 24. Bd4 Ne4 25. Ndxe4 Bxd4 26. Qd3 Bxc3 27.
Nxc3 Qxc4 28. Qxd6 b5 29. a3 Rcd8 30. Qb6 Qc6 31. Qxc6 Bxc6 32. Rcd1 Rxd1 33.
Rxd1 a5 34. b4 axb4 35. axb4 Re3 36. Rc1 Rd3 37. Rc2 Rd4 38. Ne2 Rd1+ 39. Ng1
Be4 40. Rb2 Kf7 41. h4 Ke6 42. Kh2 Kd5 43. Nh3 Kc4 44. Nf2 Rd4 45. g4 Kc3 46.
Re2 Rxb4 47. Nxe4+ fxe4 48. f5 gxf5 49. gxf5 Kd3 50. f6 Rc4 51. Re1 Rc7 52. Kg3
Rf7 53. Rd1+ Ke2 54. Rd5 Rxf6 55. Rxb5 e3 56. Rd5 Rg6+ 57. Kh2 Kf3 58. h5 Rg7
59. Re5 e2 0-1

[Event "IV Torneo Internacional Ciudad de La La"]
[Site "Casino de La Laguna. C/ Nava "]
[Date "2010.04.06"]
[Round "2"]
[White "Galvan Sarmiento, Jose Luis"]
[Black "Pogorelov, Ruslan"]
[Result "1/2-1/2"]
[WhiteElo "2061"]
[BlackElo "2486"]
[PlyCount "120"]
[EventDate "2010.04.05"]

1. c4 Nf6 2. Nf3 e6 3. g3 a6 4. Bg2 b5 5. b3 c5 6. O-O Bb7 7. d3 d5 8. Nbd2 Be7
9. Bb2 O-O 10. Qc2 Nc6 11. Rad1 Qc7 12. e3 Rac8 13. Ng5 h6 14. Nh3 Rfd8 15. a3
e5 16. cxd5 Nxd5 17. Ne4 Nb8 18. g4 Nd7 19. Qe2 N5f6 20. Ng3 Bxg2 21. Kxg2 Qc6+
22. Kg1 Qe6 23. Nf5 Bf8 24. f4 e4 25. Nf2 exd3 26. Rxd3 Nb6 27. Rfd1 Rxd3 28.
Rxd3 c4 29. bxc4 bxc4 30. Rd1 c3 31. Bc1 Qc4 32. Qc2 Qa4 33. Nd4 Qxc2 34. Nxc2
Nc4 35. Kg2 Nb2 36. Rf1 Rc4 37. Kf3 Ra4 38. Nd1 Rc4 39. Ke2 Ne4 40. Rg1 Nc5 41.
Nf2 g6 42. Nd4 Bg7 43. Nc2 Kh7 44. h4 Nb3 45. Nd3 Rc8 46. Ndb4 Rd8 47. e4 Nxc1+
48. Rxc1 Rd2+ 49. Ke3 Nc4+ 50. Kf3 a5 51. Nd5 f5 52. gxf5 gxf5 53. Nde3 fxe4+
54. Kxe4 Nxe3 55. Nxe3 Ra2 56. Nc2 Kg6 57. Rg1+ Kf7 58. Kd3 Rb2 59. Re1 Rb3 60.
Re2 a4 1/2-1/2

[Event "IV Torneo Internacional Ciudad de La Lag"]
[Site "Casino de La Laguna. C/ Nava y"]
[Date "2010.04.06"]
[Round "2"]
[White "Diamant, Andre"]
[Black "Machin Arbelo, Pedro Alexis"]
[Result "1-0"]
[WhiteElo "2486"]
[BlackElo "2043"]
[PlyCount "76"]
[EventDate "2010.04.05"]

1. e4 e6 2. d4 d5 3. Nd2 Nf6 4. e5 Nfd7 5. Ngf3 c5 6. c3 Nc6 7. Bd3 Qb6 8. O-O
cxd4 9. cxd4 Nxd4 10. Nxd4 Qxd4 11. Nf3 Qb6 12. a3 Nc5 13. Bc2 a5 14. Qd4 Bd7
15. Be3 a4 16. Rac1 Qa6 17. Ng5 h6 18. Nf3 Qc4 19. Qd1 Bb5 20. Re1 Nb3 21. Nd2
Nxd2 22. Qxd2 Be7 23. Bb1 Qh4 24. Rc7 Bc6 25. g3 Qg4 26. f3 Qxf3 27. Rf1 Qh5
28. Qc3 Rd8 29. Bd3 Rd7 30. Rc8+ Rd8 31. Rxc6 bxc6 32. Qxc6+ Kf8 33. Qxe6 Bf6
34. Rxf6 gxf6 35. Qxf6 Qd1+ 36. Bf1 d4 37. Qxd8+ Kg7 38. Qf6+ Kh7 1-0

[Event "IV Torneo Internacional Ciudad de La Lag"]
[Site "Casino de La Laguna. C/ Nava y"]
[Date "2010.04.06"]
[Round "2"]
[White "Heimbaecher, Felix"]
[Black "Cori T, Deysi"]
[Result "0-1"]
[WhiteElo "2023"]
[BlackElo "2434"]
[PlyCount "54"]
[EventDate "2010.04.05"]

1. Nf3 Nf6 2. d4 e6 3. c4 d5 4. Nc3 Nbd7 5. e3 Be7 6. Bd3 O-O 7. O-O dxc4 8.
Bxc4 a6 9. a4 c5 10. a5 b5 11. axb6 Nxb6 12. Be2 Qc7 13. Na4 Nxa4 14. Qxa4 Bb7
15. Bd2 cxd4 16. Nxd4 Bd6 17. h3 Ne4 18. Be1 Rfc8 19. Bf3 Qe7 20. Nb3 f5 21.
Bxe4 Bxe4 22. Bd2 Qg5 23. f3 Bc6 24. Qc4 Bd5 25. Qd3 Qg3 26. Rfc1 Qh2+ 27. Kf1
Bg3 0-1

[Event "IV Torneo Internacional Ciudad de La Lag"]
[Site "Casino de La Laguna. C/ Nava y"]
[Date "2010.04.06"]
[Round "2"]
[White "Cabrera Trujillo, Jorge"]
[Black "Henriquez Garcia, David"]
[Result "1-0"]
[WhiteElo "2370"]
[BlackElo "2014"]
[PlyCount "41"]
[EventDate "2010.04.05"]

1. e4 d5 2. exd5 Qxd5 3. Nf3 Nf6 4. d4 Bg4 5. Be2 e6 6. O-O c6 7. h3 Bh5 8. c4
Qa5 9. Nc3 Nbd7 10. Bf4 Bb4 11. Qb3 O-O 12. Rac1 h6 13. a3 Bxc3 14. Rxc3 Qb6
15. Qd1 Qd8 16. Rb3 Nb6 17. c5 Nbd5 18. Bd6 Re8 19. Rxb7 Ne4 20. Bh2 Qf6 21.
Ne5 1-0

[Event "IV Torneo Internacional Ciudad de La Lag"]
[Site "Casino de La Laguna. C/ Nava y"]
[Date "2010.04.06"]
[Round "2"]
[White "Perez Gutierrez, Nauzet"]
[Black "Tatai, Stefano"]
[Result "0-1"]
[WhiteElo "2013"]
[BlackElo "2356"]
[PlyCount "80"]
[EventDate "2010.04.05"]

1. e4 e6 2. d4 d5 3. exd5 exd5 4. c4 Nc6 5. Be3 Nf6 6. Nc3 Bb4 7. a3 Bxc3+ 8.
bxc3 O-O 9. Nf3 Re8 10. Bd3 Bg4 11. O-O Ne4 12. Rc1 dxc4 13. Bxc4 Qf6 14. Be2
Rad8 15. Nd2 Nxd2 16. Qxd2 Bxe2 17. Qxe2 h6 18. Qb5 b6 19. Rce1 Na5 20. Bd2 c6
21. Qb4 Rxe1 22. Rxe1 c5 23. Qb5 Nc6 24. Bc1 cxd4 25. cxd4 Rxd4 26. Bb2 Qe6 27.
Bc3 Re4 28. Rxe4 Qxe4 29. g3 Kh7 30. Qb2 f6 31. f4 Kg6 32. h4 h5 33. Kh2 Ne7
34. Bd4 Nf5 35. Bf2 Nh6 36. Qd2 Ng4+ 37. Kg1 Qf3 38. Qc2+ Kh6 39. Be1 Qxa3 40.
Qc8 Qc5+ 0-1

[Event "IV Torneo Internacional Ciudad de La Lag"]
[Site "Casino de La Laguna. C/ Nava y"]
[Date "2010.04.06"]
[Round "2"]
[White "Villavicencio Martinez, Adalber"]
[Black "Arnaiz Yanes, Miguel Angel"]
[Result "1-0"]
[WhiteElo "2326"]
[BlackElo "1995"]
[PlyCount "97"]
[EventDate "2010.04.05"]

1. d4 Nf6 2. Nf3 d5 3. c4 c6 4. Nc3 e6 5. e3 Bd6 6. Bd3 O-O 7. O-O Nbd7 8. e4
Nxe4 9. Nxe4 dxe4 10. Bxe4 e5 11. dxe5 Nxe5 12. Nxe5 Bxe5 13. Bxh7+ Kxh7 14.
Qh5+ Kg8 15. Qxe5 Re8 16. Qc3 Qd6 17. Be3 Qg6 18. Bf4 Bf5 19. Rfe1 Re4 20. Rxe4
Bxe4 21. f3 Bf5 22. Re1 Rd8 23. Qa5 Rd4 24. Qxa7 Rxc4 25. Qxb7 Rc2 26. Bg3 Qf6
27. Qb8+ Kh7 28. Qe5 Rxb2 29. Qxf6 gxf6 30. a3 c5 31. Rc1 Bc2 32. Bf2 c4 33.
Bd4 Ra2 34. Ra1 Rxa1+ 35. Bxa1 Kg6 36. Kf2 Kf5 37. Ke3 Bd1 38. Bc3 Ke6 39. Kf4
Bc2 40. h4 Ke7 41. h5 Ke6 42. h6 Ke7 43. a4 Kf8 44. a5 Kg8 45. a6 Ba4 46. a7
Bc6 47. Bxf6 Kh7 48. Bg7 Kg6 49. Ke3 1-0

[Event "IV Torneo Internacional Ciudad de La Lag"]
[Site "Casino de La Laguna. C/ Nava y"]
[Date "2010.04.06"]
[Round "2"]
[White "Catarineu Navines, Federico"]
[Black "Rodriguez Lopez, Rafael"]
[Result "1-0"]
[WhiteElo "1994"]
[BlackElo "2301"]
[PlyCount "57"]
[EventDate "2010.04.05"]

1. e4 c6 2. d4 d5 3. exd5 cxd5 4. Bd3 Nc6 5. c3 Qc7 6. Ne2 Bg4 7. Qb3 Bxe2 8.
Bxe2 e6 9. Na3 a6 10. Bf4 Qd7 11. O-O Nf6 12. Rad1 Be7 13. Rfe1 O-O 14. Rd3 b5
15. Rh3 Rfc8 16. Bd3 g6 17. Qd1 b4 18. Nc2 bxc3 19. bxc3 Na5 20. Ne3 Rxc3 21.
Ng4 Nxg4 22. Qxg4 Rc6 23. Rxh7 Kxh7 24. Qh5+ Kg8 25. Bxg6 Bb4 26. Qh7+ Kf8 27.
Qh8+ Ke7 28. Bg5+ f6 29. Qxf6+ 1-0